"No sin nosotros" : (Record no. 118311)

MARC details
000 -CABECERA
campo de control de longitud fija 00689nam a2200217 a 4500
005 - FECHA Y HORA DE LA ÚLTIMA TRANSACCIÓN
campo de control 20250213063817.0
008 - ELEMENTOS DE LONGITUD FIJA--INFORMACIÓN GENERAL
campo de control de longitud fija 060810s2005 mx r 000 0 spa d
020 ## - NÚMERO INTERNACIONAL NORMALIZADO PARA LIBROS
Número Internacional Estándar del Libro 9684116411
035 ## - NÚMERO DE CONTROL DEL SISTEMA
Número de control de sistema UPN01000146165
049 ## - COLECCIÓN
Colección CG
050 #4 - SIGNATURA TOPOGRÁFICA DE LA BIBLIOTECA DEL CONGRESO
Número de clasificación QE535.2 M6
Número de documento/Ítem M6.6
100 1# - ASIENTO PRINCIPAL--NOMBRE PERSONAL
Nombre de persona Monsiváis, Carlos,
Fechas asociadas al nombre 1938-2010
9 (RLIN) 28357
245 11 - MENCIÓN DE TÍTULO
Título "No sin nosotros" :
Resto del título los días del terremoto 1985-2005 /
Mención de responsabilidad, etc. Carlos Monsiváis.
260 ## - PUBLICACIÓN, DISTRIBUCIÓN, ETC.
Lugar de publicación, distribución, etc. México :
Nombre del editor, distribuidor, etc. Era,
Fecha de publicación, distribución, etc. 2005.
300 ## - DESCRIPCIÓN FÍSICA
Extensión 166 p, [2] h. de láms. :
Otras características físicas il.
440 #0 - MENCIÓN DE SERIE/ASIENTO SECUNDARIO--TÍTULO
Título Bolsillo Era
650 #4 - ASIENTO SECUNDARIO DE MATERIA - TERMINO TEMATICO
Término de materia o nombre geográfico como elemento de entrada SISMOS -
Subdivisión geográfica MEXICO
9 (RLIN) 26662
651 #4 - ASIENTO SECUNDARIO DE MATERIA - NOMBRE GEOGRAFICO
Nombre geográfico Distrito Federal (México)
Subdivisión general Sismo, 1985
9 (RLIN) 26663
650 #4 - ASIENTO SECUNDARIO DE MATERIA - TERMINO TEMATICO
Término de materia o nombre geográfico como elemento de entrada Movimientos sociales
Subdivisión geográfica México
9 (RLIN) 16658
905 ## - TIPO DE MATERIAL
Tipo de material Libro
Holdings
Estado de retiro Estado de pérdida Fuente del sistema de clasificación o colocación Estado dañado No para préstamo Código de colección Localización permanente Ubicación/localización actual Ubicación en estantería Total de préstamos Clasificación Código de barras Fecha visto por última vez Número de copia Tipo de ítem Koha
    Library of Congress Classification     Colección General Bib. Gregorio Torres Quintero Bib. Gregorio Torres Quintero Planta baja 41 QE535.2 M6 M6.6 239616 31/12/2020 1 Libro
    Library of Congress Classification     Colección General Bib. Gregorio Torres Quintero Bib. Gregorio Torres Quintero Planta baja 43 QE535.2 M6 M6.6 236415 31/12/2020 1 Libro